000 00581nam a2200229Ia 4500
001 1664
005 20240113233510.0
007 ta
008 050210s1350 g b000 u ben u
040 _aRef. stack
041 _aben
082 _a523.1
_bSe 55 N
100 _aSengupta, Prathamnath .
245 0 _aNakhatra - Parisay /
_cPrathamnath Sengupta.
_hTextual Documents
250 _a1st ed /
260 _aCalcutta :
_bBiswabharati Granthalai ,
_c1350.
300 _a46p. ;
_c18cm.
653 _aAstronomy
942 _2ddc
_cBK
999 _c1660
_d1660